Fallout - All Ammunition and Ammo Types - Statistics

General Stats
  • This quiz has been taken 22 times
  • The average score is 14 of 42
Answer Stats
Answer Type % Correct
5.56 Round
93%
.44 Magnum
86%
.45 Caliber
79%
.50 Caliber
79%
.50 Caliber Ball
79%
10mm Round
71%
.308 Caliber
71%
9mm Round
64%
.38 Caliber
57%
12 Gauge Shell
50%
.22 Rifle
50%
.32 Caliber
50%
5mm Round
50%
Microfusion Cell
50%
20 Gauge Shell
43%
.357 Magnum
43%
.45-70 Goverment
36%
Fusion Core Core
36%
12.7mm Round
29%
223 Misc
29%
7.62 Round
29%
Mini Nuke Misc
29%
25mm Grenade
21%
40mm Grenade
21%
Cannonball Misc
21%
Flamer Fuel Fuel
21%
Fusion Cell Cell
21%
Plasma Cartridge Cartridge
21%
14mm Round
14%
Gamma Round
14%
Harpoon Misc
14%
Junk Misc
14%
Small Energy Cell Cell
14%
2mm EC Cartridge
7%
Missle Misc
7%
Plasma Core Core
7%
Alien Blaster Misc
0%
Arrows Misc
0%
BBs Misc
0%
Crossbow Bolts Misc
0%
Cryo Cell Cell
0%
Railway Spike Misc
0%
No matching quizzes found
Score Distribution
Percent of People with Each Score
Percentile by Number Answered
Your Score History
You have not taken this quiz